Southville International School and Colleges
Your cart is empty.
  • Cart
  • Lists
    Public lists Eva Luna New books Lux_list list_1
    Your lists Log in to create your own lists
  • Log in to your account
  • Your cookies
  • Search history
Southville International School and Colleges
  • Advanced search
  • Recent comments
  • Most popular
  • Libraries

Log in to your account

Log in with GOOGLE


If you do not have an external account, but do have a local account, you can still log in:

  1. Home
  2. MARC view: President Fidel V. Ramos, builder, reformer, peacemaker /
Normal view MARC view ISBD view

President Fidel V. Ramos, builder, reformer, peacemaker / (Record no. 3139)

[ view plain ]
MARC details
000 -LEADER
fixed length control field 01293mam a2200409 a 4500
001 - CONTROL NUMBER
control field 3189093
003 - CONTROL NUMBER IDENTIFIER
control field OSt
005 - DATE AND TIME OF LATEST TRANSACTION
control field 20140310181749.0
008 - FIXED-LENGTH DATA ELEMENTS--GENERAL INFORMATION
fixed length control field 980820s1997 ph ac b 001 0beng
010 ## - LIBRARY OF CONGRESS CONTROL NUMBER
LC control number 97947300
020 ## - INTERNATIONAL STANDARD BOOK NUMBER
Cancelled/invalid ISBN 9719105047 (pbk.)
020 ## - INTERNATIONAL STANDARD BOOK NUMBER
Cancelled/invalid ISBN 9719105055 (hard)
035 ## - SYSTEM CONTROL NUMBER
System control number (OCoLC)ocm39914077
035 ## - SYSTEM CONTROL NUMBER
System control number (NNC)3189093
040 ## - CATALOGING SOURCE
Original cataloging agency DLC
Transcribing agency DLC
Modifying agency JNA
-- OCL
042 ## - AUTHENTICATION CODE
Authentication code lcode
043 ## - GEOGRAPHIC AREA CODE
Geographic area code a-ph---
050 ## - LIBRARY OF CONGRESS CALL NUMBER
Classification number DS 686
Item number .C932 1997
082 ## - DEWEY DECIMAL CLASSIFICATION NUMBER
Classification number FIL 351.0074
Item number C84 1997
090 ## - LOCALLY ASSIGNED LC-TYPE CALL NUMBER (OCLC); LOCAL CALL NUMBER (OCLC)
Classification number (OCLC) (R) ; Classification number, CALL (RLIN) (NR) DS686.616.R34
Local cutter number (OCLC) ; Book number/undivided call number, CALL (RLIN) C757 1997
100 1# - MAIN ENTRY--PERSONAL NAME
Personal name Crisostomo, Isabelo T.
245 10 - TITLE STATEMENT
Title President Fidel V. Ramos, builder, reformer, peacemaker /
Statement of responsibility, etc Isabelo T. Crisostomo.
246 14 - VARYING FORM OF TITLE
Title proper/short title Fidel Valdez Ramos, builder, reformer, peacemaker
260 ## - PUBLICATION, DISTRIBUTION, ETC. (IMPRINT)
Place of publication, distribution, etc Quezon City :
Name of publisher, distributor, etc J. Kriz Pub. Enterprises,
Date of publication, distribution, etc 1997.
300 ## - PHYSICAL DESCRIPTION
Extent xlv, 337 p., [16] p. of plates :
Other physical details ill. ;
Dimensions 23 cm.
490 1# - SERIES STATEMENT
Series statement Presidential books series ;
Volume number/sequential designation no. 3
504 ## - BIBLIOGRAPHY, ETC. NOTE
Bibliography, etc Includes bibliographical references and index.
521 ## - TARGET AUDIENCE NOTE
Target audience note
541 ## - IMMEDIATE SOURCE OF ACQUISITION NOTE
-- 1
562 ## - COPY AND VERSION IDENTIFICATION NOTE
Number of copies 1
600 10 - SUBJECT ADDED ENTRY--PERSONAL NAME
Personal name Ramos, Fidel V.,
Dates associated with a name 1928-
650 #0 - SUBJECT ADDED ENTRY--TOPICAL TERM
Topical term or geographic name as entry element Presidents
Geographic subdivision Philippines
Form subdivision Biography.
651 #0 - SUBJECT ADDED ENTRY--GEOGRAPHIC NAME
Geographic name Philippines
General subdivision Politics and government
Chronological subdivision 1986-
830 #0 - SERIES ADDED ENTRY--UNIFORM TITLE
Uniform title Presidential books series ;
Volume number/sequential designation no. 3.
942 ## - ADDED ENTRY ELEMENTS (KOHA)
Source of classification or shelving scheme Library of Congress Classification
Koha item type
Call number prefix Filipininana
Holdings
Withdrawn status Lost status Source of classification or shelving scheme Damaged status Home library Current library Shelving location Date acquired Total Checkouts Full call number Barcode Date last seen Copy number Price effective from Koha item type
    Library of Congress Classification   Luxembourg Library Luxembourg Library Filipiniana Section 06/26/2013   DS 686 .C932 1997 2307 08/13/2013 1 06/26/2013 Books

President Fidel V. Ramos, builder, reformer, peacemaker /

APA

Crisostomo I. T., . (1997). President Fidel V. Ramos, builder, reformer, peacemaker. Quezon City: J. Kriz Pub. Enterprises.

Chicago

Crisostomo Isabelo T, . 1997. President Fidel V. Ramos, builder, reformer, peacemaker. Quezon City: J. Kriz Pub. Enterprises.

Harvard

Crisostomo I. T., . (1997). President Fidel V. Ramos, builder, reformer, peacemaker. Quezon City: J. Kriz Pub. Enterprises.

MLA

Crisostomo Isabelo T, . President Fidel V. Ramos, builder, reformer, peacemaker. Quezon City: J. Kriz Pub. Enterprises. 1997.

  • Place hold
  • Print
  • Cite
  • Add to your cart (remove)
  • Save record
    BIBTEX Dublin Core MARCXML MARC (non-Unicode/MARC-8) MARC (Unicode/UTF-8) MARC (Unicode/UTF-8, Standard) MODS (XML) RIS
  • More searches
    Search for this title in:
    Other Libraries (WorldCat) Other Databases (Google Scholar) Online Stores (Bookfinder.com) Open Library (openlibrary.org)

Exporting to Dublin Core...

SOUTHVILLE LIBRARY

Southville International School and Colleges Library

1281 Tropical Ave. Cor. Luxembourg St., BF Homes International, Las Pinas City

Tel. No. 8256374 / 252358 Loc. 117/146

Powered by Koha